Normal view MARC view
  • Giambene, Giovanni

Entry Personal Name

Number of records used in: 1

001 - CONTROL NUMBER

  • control field: 97513

003 - CONTROL NUMBER IDENTIFIER

  • control field: NUST

005 - DATE AND TIME OF LATEST TRANSACTION

  • control field: 20220816174340.0

008 - FIXED-LENGTH DATA ELEMENTS

  • fixed length control field: 220816|| aca||aabn | a|a d

040 ## - CATALOGING SOURCE

  • Original cataloging agency: NUST
  • Transcribing agency: NUST

100 ## - HEADING--PERSONAL NAME

  • Personal name: Giambene, Giovanni

670 ## - SOURCE DATA FOUND

  • Source citation: Work cat.: (NUST)178669: Giambene, Giovanni,, Queuing theory and telecommunications :, c2005.
© 2023 Central Library, National University of Sciences and Technology. All Rights Reserved.